000 00590nab a2200169Ia 4500
003 ES-SlBCS
005 20210601124736.0
008 140529s1998 xxu||||| |||| 00| 0 eng d
041 _aeng
100 1 _aHeckert, Alex
_9146540
245 0 4 _aThe Impact of Husbands' and Wives' Relative Earning on Marital Disruption
_c Alex Heckert, Thomas C. Novak, Kay Snyder
650 0 4 _aRuptura Matrimonial
_9146550
700 1 _aNovak, Thomas C
_9148366
700 1 _aSnyder, Kay
_9148367
773 0 _tJournal of Marriage and the Family
_gvol. 60, nº. 3, 1998, págs. 690-703
_wRev1406
942 _cAR
999 _c519039
_d519039